<?xml version="1.0" encoding="UTF-8"?>
<record
    xmlns:xsi="http://www.w3.org/2001/XMLSchema-instance"
    xsi:schemaLocation="http://www.loc.gov/MARC21/slim http://www.loc.gov/standards/marcxml/schema/MARC21slim.xsd"
    xmlns="http://www.loc.gov/MARC21/slim">

  <leader>01482nam a2200181 a 4500</leader>
  <controlfield tag="008">130926s2007    ag ||||g |||| 00| 0aspa d</controlfield>
  <datafield tag="020" ind1=" " ind2=" ">
    <subfield code="a">9789875662902</subfield>
  </datafield>
  <datafield tag="092" ind1=" " ind2=" ">
    <subfield code="c">617.092</subfield>
    <subfield code="l">24</subfield>
    <subfield code="s">FAV</subfield>
  </datafield>
  <datafield tag="100" ind1="1" ind2=" ">
    <subfield code="a">Favaloro, Ren&#xE9; G.</subfield>
    <subfield code="9">2612</subfield>
  </datafield>
  <datafield tag="245" ind1=" " ind2=" ">
    <subfield code="a">De La Pampa a los Estados Unidos /</subfield>
    <subfield code="c">Ren&#xE9; G. Favaloro</subfield>
  </datafield>
  <datafield tag="250" ind1=" " ind2=" ">
    <subfield code="a">2a ed.</subfield>
  </datafield>
  <datafield tag="260" ind1=" " ind2=" ">
    <subfield code="a">Buenos Aires:</subfield>
    <subfield code="b">DeBolsillo;</subfield>
    <subfield code="c">2007.</subfield>
  </datafield>
  <datafield tag="300" ind1=" " ind2=" ">
    <subfield code="a">189 p.</subfield>
  </datafield>
  <datafield tag="500" ind1=" " ind2=" ">
    <subfield code="a">Favaloro, R. G. (2007). De la pampa a los Estados Unidos. (2a ed.). Buenos Aires : DeBolsillo.</subfield>
  </datafield>
  <datafield tag="505" ind1=" " ind2=" ">
    <subfield code="a">La vida de los hombres oculta razones, decisiones y matices que s&#xF3;lo los protagonistas de esas vidas conocen a fondo. El testimonio del doctor Favaloro permite a los lectores adentrarse en una vida apasionante, tanto por las convicciones que la alientan como por los abundantes episodios anecd&#xF3;ticos que ayudan a entenderla. La carrera profesional del m&#xE9;dico argentino que viaj&#xF3; a Estados Unidos para perfeccionarse y logr&#xF3; convertirse en un cirujano eminente est&#xE1; aqu&#xED; junto a las profundas reflexiones de un hombre cuyos m&#xFA;ltiples intereses provocan curiosidad, admiraci&#xF3;n y respeto. Nada lo humano fue ajeno para quien eligi&#xF3; el oficio de mejorar la vida. El empe&#xF1;o vocacional a trav&#xE9;s del paso de los a&#xF1;os, la especializaci&#xF3;n y sus v&#xED;nculos con la vida cotidiana, las obligaciones y el exilio, la libertad y el arraigo son temas que De La Pampa a los Estados Unidos aborda con deslumbrante lucidez. </subfield>
  </datafield>
  <datafield tag="655" ind1=" " ind2=" ">
    <subfield code="a">Autobiografia</subfield>
    <subfield code="9">3567</subfield>
  </datafield>
  <datafield tag="942" ind1=" " ind2=" ">
    <subfield code="2">ddc</subfield>
    <subfield code="c">BK</subfield>
  </datafield>
  <datafield tag="999" ind1=" " ind2=" ">
    <subfield code="c">1682</subfield>
    <subfield code="d">1682</subfield>
  </datafield>
  <datafield tag="952" ind1=" " ind2=" ">
    <subfield code="0">0</subfield>
    <subfield code="1">0</subfield>
    <subfield code="2">ddc</subfield>
    <subfield code="4">0</subfield>
    <subfield code="7">0</subfield>
    <subfield code="8">FIC</subfield>
    <subfield code="a">BFM</subfield>
    <subfield code="b">BFM</subfield>
    <subfield code="c">CR</subfield>
    <subfield code="d">2013-09-26</subfield>
    <subfield code="e">Donacion Juan Manuel Martinez</subfield>
    <subfield code="l">7</subfield>
    <subfield code="m">3</subfield>
    <subfield code="o">617.092 24 FAV</subfield>
    <subfield code="p">3152</subfield>
    <subfield code="r">2019-02-14</subfield>
    <subfield code="s">2018-12-14</subfield>
    <subfield code="t">Ej. 1</subfield>
    <subfield code="w">2013-09-26</subfield>
    <subfield code="y">LIT</subfield>
    <subfield code="z">Donacion Med. Juan Manuel Martinez</subfield>
  </datafield>
</record>
